| 000 | 00459nam a22001817a 4500 | ||
|---|---|---|---|
| 003 | OSt | ||
| 005 | 20170518101553.0 | ||
| 008 | 161129b xxu||||| |||| 00| 0 eng d | ||
| 020 | _a536537194 | ||
| 040 |
_aMMU _beng _cMMU _dMMU |
||
| 245 |
_aOperation management/ _cR.Dan Reid |
||
| 250 | _a4th ed. | ||
| 260 |
_aOntario: _bJohn Wiley&Sons,INC _c2011 |
||
| 300 | _a479P. | ||
| 650 | _aOperation | ||
| 700 | _aNada R.Sanders | ||
| 942 |
_2lcc _cLOAN LOAN _e4th ed. |
||
| 999 |
_c20093 _d20093 |
||